01378njm a2200289Ia 450000100060000000300090000600500170001500800410003204000130007304000130008699900190009999900090011810000270012710000250015410000450017924500250022425000110024926000130026026000610027330000100033430000290034450000890037350503170046265000630077994200120084295202340085424611IT-RoPAU20220918181136.0131025s9999 xx 000 0 und d aIT-RoPAU cIT-RoPAU c100905d100905 bn.d. aRodgers Richard910930 eAutore musica910931 gCodice autore musica SPICS: 11120910932 aSound of Music (The) a1a ed. aNEW YORK bRCA RECORDSc1965 [1a Ed.:1965 - Ed. Lingua Orig.: 1960] aDISCO c43 minuti (Testo: pag.) aColonna sonora originale del film "Sound of Music (Tutti insieme appassionatamente)" aPrelude and the Sound of Music - Overture and Preludium - Morning Hymn and Alleluia - Maria - I Have Confidence - Sixteen Going On Seventeen - My Favorite Things - Climb Ev'ry Mountain - The Lonely Goatherd - The Sound of Music - Do re mi - Something Good - Processional and Maria - Edelweiss - So Long, Farewell aCOLONNA SONORA [DISCHI]eCodice MATERIA SPICS: 9950910933 cMD2ddc 001040624611_00000000000000071aSPICSbSPICSd2013-10-25l0o24611r2013-10-25 00:00:00w2013-10-25yMDzProgr. Ins.: 5306 / N.Vol.: 1 / Copie: 1 - Copia rara: n.d. / date import: 01.01.2014 - By Epidotti, Trombetti, Vaglietti